LDR 00819naa#a2200193#i#450# 001 EN\\bibl\126635 005 20260703175318.5 011 ## _a2587-6740 100 ## _a20260615b2026####ek#y0engy0150####ca 102 ## _aRU 200 1# _aMethodological approaches to substantiating and identifying specific indicators of integrated diagnostics of sustainable agricultural development (using the example of the North Caucasus Federal District) _eJournal article 210 1# _aMoscow _cElectronic science _d2026 215 ## _a4 с. 608 ## _aJournal article _2local 675 ## _aЭкономика сельского хозяйства. Продовольственный комплекс. 338.43 _z 700 #1 _aMagomadov _gAndi Sultanovich 700 #1 _aTorchinova _gOksana Vladimirovna 700 #1 _aOkazova _gZarina Petrovna 856 4# _aqje.su _u